000
00268nam a22000977a 4500
999
_c
529602
_d
529602
082
_a
658.3
100
_a
Charles R. Greer
245
_a
Strategic Human Resource Management /
_c
Charles R. Greer
942
_2
ddc
_c
BK